000 00737nam a2200217 i 4500
001 191131
003 ES-MaACL
005 20230906223936.0
008 220914s1997 mex |||| | spa
020 _a1564090191
040 _aULPGC
080 _a(058)"1997"
245 0 0 _aLibro del año 1997 : resumen ilustrado de actualización, con los principales acontecimientos de 1996, para las obras en español de Enciclopaedia Britannica Publishers, Inc.
260 _aMéxico :
_bEncyclopeaedia Britannica,
_c1997.
300 _a416 p. ; 29 cm.
655 7 _2tgfbne
_9226822
_aAnuarios
710 0 _aEncyclopaedia Britannica.
_93472
852 _aES-MaACL
_jANU 058 lib "1997"
942 _2udc
999 _c191131
_d191131